000 01575nam a22003614a 4500
001 ebr10060501
003 CaPaEBR
006 m u
007 cr cn|||||||||
008 010611s2001 maua sb 001 0 eng
010 _z 2001037571
020 _z0792374614 (alk. paper)
040 _aCaPaEBR
_cCaPaEBR
035 _a(OCoLC)231582069
050 1 4 _aTK5103.2
_b.V36 2001eb
082 0 4 _a004.6/8
_221
100 1 _aVandenameele, Patrick.
245 1 0 _aSpace division multiple access for wireless local area networks
_h[electronic resource] /
_cby Patrick Vandenameele ; contributions by Liesbet Van Der Perre, Marc Engels.
260 _aBoston :
_bKluwer Academic Publishers,
_c2001.
300 _axvi, 231 p. :
_bill.
490 1 _aThe Kluwer international series in engineering and computer science ;
_vSECS 631
504 _aIncludes bibliographical references (p. 219-228) and index.
533 _aElectronic reproduction.
_bPalo Alto, Calif. :
_cebrary,
_d2013.
_nAvailable via World Wide Web.
_nAccess may be limited to ebrary affiliated libraries.
650 0 _aWireless communication systems.
650 0 _aBroadband communication systems.
650 0 _aLocal loop (Telephony)
655 7 _aElectronic books.
_2local
700 1 _aPerre, Liesbet van der.
700 1 _aEngels, Marc.
710 2 _aebrary, Inc.
830 0 _aKluwer international series in engineering and computer science ;
_vSECS 631.
856 4 0 _uhttp://site.ebrary.com/lib/rucke/Doc?id=10060501
_zAn electronic book accessible through the World Wide Web; click to view
999 _c46019
_d46019